000 01046nas a2200325 4500
001 BR2019000201
003 BR-BrBNA
005 20231205131545.0
007 ta
008 230509b bl.|||p| |||| 00| 00por d
040 _aBR-BrBNA
_bpor
_cBiblioteca Nacional de Agricultura
041 _a(En)
072 _aH20
100 1 _aPereira, R.B.
100 1 _aPinheiro, J.B.
100 1 _aTorres, T.B.
100 1 _aMendonça, J.L.
100 1 _aLucas, G.C.
100 1 _aGuimarães, J.A.
245 1 _aPotential of wild Solanum stramonifolium accesses as rootstock resistant to soilborne pathogens in tomato crops
650 _aTOMATE
650 _aPORTA ENXERTO
650 _aMURCHA DE FUSARIUM
650 _aDOENÇA DE PLANTA
650 _aRESISTÊNCIA GENÉTICA
773 0 _tHorticultura Brasileira (Brazil)
_xISSN 1806-9991
_g(Apr-Jun 2018), v. 36(2) p. 235-239
_wBR2019000201
856 4 0 _uhttp://www.scielo.br/pdf/hb/v36n2/1806-9991-hb-36-02-235.pdf
909 _a202311
_bLúcia
_c55
_dLúcia Elande
942 _2AGRIS
_n0
_cANA
999 _c255434
_d255434